| 000 | 00000nam 22000008a 4500 |
| 001 | 9.862973 |
| 003 | CaOODSP |
| 005 | 20221107161150 |
| 007 | cr ||||||||||| |
| 008 | 181010s2018 quca||||o f00| 0 eng d |
| 020 | |a9780660280677 |
| 020 | |z9780660280684 |
| 040 | |aCaOODSP|beng |
| 043 | |an-cn-qc |
| 086 | 1 |aR64-105/39-2018E-PDF |
| 086 | 1 |zR64-105/39-2018E |
| 110 | 2 |aParks Canada. |
| 245 | 10|aBattle of the Châteauguay, National Historic Site of Canada |h[electronic resource] : |bmanagement plan 2018. |
| 260 | |a[Gatineau, QC] : |bParks Canada, |cc2018. |
| 300 | |ax, 8 p. : |bill. |
| 500 | |aIssued also in French under title: Lieu historique national du Canada de la Bataille-de-la-Châteauguay : plan directeur 2018. |
| 500 | |aCover title. |
| 520 | |a"The Battle of the Châteauguay took place during what is commonly known as the "War of 1812", an armed conflict that marked Canadian-American relations in the early ninetheenth century. On October 26, 1813, a clash took place between an American armed force of around 3,750 soldiers and 500 Canadian and Indigenous combatants. The victory of the Canadians and their Indigenous allies was considered a national triumph for Lower Canada. The Battle of the Châteauguay National Historic Site commemorates the significance of this feat and the role that the combattants played in defending Canada during the conflict of 1812-1814"--Executive summary, p. vii. |
| 692 | 07|2gccst|aHistoric sites |
| 775 | 08|tLieu historique national du Canada de la Bataille-de-la-Châteauguay |w(CaOODSP)9.862976 |
| 776 | 0#|tBattle of the Châteauguay National Historic Site of Canada management plan |w(CaOODSP)9.862975 |
| 795 | |tBattle of the Châteauguay National Historic Site of Canada |w(CaOODSP)9.822515 |
| 856 | 40|qPDF|s1.94 MB|uhttps://publications.gc.ca/collections/collection_2019/pc/R64-105-39-2018-eng.pdf |